000
00307nam a2200121 a 4500
005
20140414131904.0
008
100915s19uu xx 00 eng d
050
_a
FIC
_b
Sp4 1991
100
_a
Spinelli, Jerry
245
_a
Fourth grade rats.
260
_a
New York :
_b
Scholastic ,
_c
1991.
999
_c
110849
_d
110849